00242nam a22001097a 4500020001800000100001400018245003600032250000700068260002700075300000800102650002200110 a9788121902595 aBahl,Arun aA textbook of Organic Chemistry a15 aNew DelhibChandc2000 a859 aOrganic chemistry